000
00318nam a2200121Ia 4500
008
220204s9999 xx 000 0 und d
082
_a
581.5:001.814
_b
PAN
100
_a
PANDEYA, S C
245
0
_a
Research methods in plant ecology.
260
_a
Bombay
_b
Asia Publishing
_c
1968
650
_a
Plant ecology
942
_c
BK
999
_c
21128
_d
21128